The art of computer programming. V 1. fundamental algorithms (Record no. 117358)

MARC details
000 -LEADER
fixed length control field 00417nam a2200157Ia 4500
008 - FIXED-LENGTH DATA ELEMENTS--GENERAL INFORMATION
fixed length control field 230917s9999||||xx |||||||||||||| ||und||
040 ## - CATALOGING SOURCE
-- 99524
Original cataloging agency VIVEKANANDA LIBRARY
041 ## - Language
-- English
082 ## - DDC NUMBER
Classification number 005.1 K786A
100 ## - MAIN ENTRY--PERSONAL NAME
Personal name Knuth, Donald E
245 #4 - TITLE STATEMENT
Title The art of computer programming. V 1. fundamental algorithms
250 ## - EDITION STATEMENT
Edition statement 3rd ed.
260 ## - PUBLICATION, DISTRIBUTION, ETC. (IMPRINT)
Place of publication, distribution, etc Delhi
Name of publisher, distributor, etc Pearson Education
Date of publication, distribution, etc 2002
300 ## - PHYSICAL DESCRIPTION
Pages xix, 650 p.
942 ## - ADDED ENTRY ELEMENTS (KOHA)
Koha item type Books
Holdings
Withdrawn status Lost status Damaged status Not for loan Location (home branch) Sublocation or collection (holding branch) Shelving location Date acquired Koha issues (times borrowed) Koha full call number Accession No. Koha date last seen Koha item type
        VIVEKANANDA LIBRARY VIVEKANANDA LIBRARY UIET Library 09/11/2003   005.1 K786A 208337 17/09/2023 Books
        VIVEKANANDA LIBRARY VIVEKANANDA LIBRARY UIET Library 09/11/2003   005.1 K786A 211788 17/09/2023 Books
        VIVEKANANDA LIBRARY VIVEKANANDA LIBRARY   09/11/2003   005.1 K786A 270086 17/09/2023 Books
        VIVEKANANDA LIBRARY VIVEKANANDA LIBRARY   09/11/2003   005.1 K786A 270087 17/09/2023 Books
        VIVEKANANDA LIBRARY VIVEKANANDA LIBRARY   09/11/2003   005.1 K786A 270088 17/09/2023 Books
© Designed and Maintained by Vivekananda Library, MDU Rohtak